Manual indígena de ecoturismo
Сохранить в:
| Соавтор: | |
|---|---|
| Формат: | |
| Язык: | португальский |
| Опубликовано: |
Bogotá
GTC Amazonia
1997
|
| Предметы: | |
| Метки: |
Добавить метку
Нет меток, Требуется 1-ая метка записи!
|
MARC
| LEADER | 00000nam a2200000 a 4500 | ||
|---|---|---|---|
| 001 | UCP1345 | ||
| 003 | CL-VaPUC | ||
| 008 | 990409e19970000ck |||||||||||||||||por|d | ||
| 082 | 0 | 4 | |a 338.4791 |b GRU |2 21 |
| 110 | 2 | |a Grupo Tecnico de Coordenacao de Ecoturismo |e author |9 427331 | |
| 245 | 1 | 0 | |a Manual indígena de ecoturismo |
| 300 | |a 55 p | ||
| 942 | |c BK | ||
| 945 | |d 19990409 00:00:00 |a rbrito | ||
| 260 | |a Bogotá |b GTC Amazonia |c 1997 | ||
| 650 | 0 | |a Ecoturismo |9 427332 | |
| 650 | 0 | |a Turismo |9 308920 | |
| 650 | 0 | |a Indígenas |9 317064 | |
| 650 | 0 | |a Viajes |9 257115 | |
| 650 | 0 | |a Ecología |9 258124 | |
| 651 | 0 | |a Brasil |9 267393 | |
| 583 | |a last modification |c 20171017 11:50:39 |k Rodrigo Vera | ||
| 999 | |c 280029 |d 280027 | ||
| 952 | |0 0 |1 0 |4 0 |6 338_479100000000000_GRU_1997 |7 0 |8 P |9 320006 |a BIBEDU |b BIBEDU |c BIBEDU_PB |d 2019-11-20 |i 348758K |o 338.4791 GRU 1997 |p 348758K |r 2024-01-25 |w 2019-11-20 |y BK |k EDU | ||